header

Perception (Record no. 4984)

MARC details
000 -LEADER
fixed length control field 01428nam a2200349Ia 4500
245 00 - TITLE STATEMENT
Title Perception
260 ## - PUBLICATION, DISTRIBUTION, ETC. (IMPRINT)
Place of publication New York :
Name of publisher Oxford University Press,
Year of publication 1996.
300 ## - PHYSICAL DESCRIPTION
Number of Pages 339 p. :
Other physical details ill.
490 1# - SERIES STATEMENT
Series statement Vancouver studies in cognitive science,
500 ## - GENERAL NOTE
General note Chiefly papers presented at a Vancouver studies in cognitive science conference, Vancouver, Canada, February 1992.
650 #0 - SUBJECT ADDED ENTRY--TOPICAL TERM
Topical Term Visual perception
Topical Term Perception
700 1# - ADDED ENTRY--PERSONAL NAME
Personal name Akins, Kathleen.
856 40 - ELECTRONIC LOCATION AND ACCESS
Uniform Resource Identifier http://site.ebrary.com/lib/rucke/Doc?id=10278451

No items available.

© 2026 Rongo University
Contact us: librarian | system librarian | Rongo university